| 000 | 00947nam a2200289Ia 4500 | ||
|---|---|---|---|
| 001 | Para_1268 | ||
| 003 | CHAP | ||
| 008 | 220125s1998 xx 000 0 und d | ||
| 010 | _a199976 | ||
| 040 | _cCHAP | ||
| 090 | _aPA TESIS 1223 | ||
| 100 |
_aEstrada Sierra, Hypatia _938441 |
||
| 245 |
_aSituación actual del control químico de malezas en diferentes sistemas de labranza reducida en México / _c por Hypatia Estrada Sierra |
||
| 260 |
_aChapingo, Méx. : _b El autor |
||
| 300 | _a47 h. | ||
| 502 | _aTesis (Ing. Agr. Esp. en Parasitología Agrícola), UACh. Depto. Parasitología | ||
| 650 |
_aLabranza cero _964307 |
||
| 650 |
_aMalas hierbas _x control _970011 |
||
| 710 |
_aUACh. Departamento Parasitología Agrícola _9164025 |
||
| 901 | _aPA TESIS 1223 | ||
| 902 | _aA | ||
| 905 | _a0000001998 0000000000 00 | ||
| 910 | _a1998 | ||
| 942 | _cPARA | ||
| 942 |
_cPARA _d1 |
||
| 999 |
_c199976 _d199976 |
||